Регионална библиотека "Любен Каравелов" - Русе

Честит празник, енергетици! (Запис номер 447302)

MARC детайли
000 -Лидер
Контролно поле с фиксирана дължина 00869nam a2200265 c 4500
003 - Код на организацията, давaща контролен номер
Контролно поле BLK
005 - Дата и час на последна редакция
Контролно поле 20230727123041.0
008 - Елементи от данни с фиксирана дължина
fixed length control field 180411b bul|||||r ||||||| ||bul||
040 ## - Източник на каталожния запис
Идентификатор на билиотеката - собственик на записа BLK
041 ## - Код за език
Код за езика на текст/звукозапис или на отделно заглавие Български
Код за езика КДБФ Български
080 ## - УДК
Текстов определител УДК Топлоелектрически парни централи (ТЕЦ). Вж и 621.18
УДК код - определител по УДК 621.311.22
УДК определител (497.215)(062)
УДК - код + определител 621.311.22(497.215)(062)
139 ## - Редно поле
Авторски знак Чест - Ч 74
245 10 - Сведения за заглавието
Заглавие Честит празник, енергетици!
Подзаглавни данни "Топлофикация - Русе" АД
Физически носител (вид на носителя) [Малотир. изд.]
257 ## - Страна на издаване
Страна на създаване/издаване България
260 ## - Област на издателските данни
Място на издаване, разпространение и проч. Русе
Име на издателя, разпространителя и проч. б. и.
Година на издаване 2009
9 (RLIN) 424764
300 ## - Физическа характеристика
Страници 14 с.
Размери/Мащаб 21 см
380 ## - Жанр
Жанр Техника
653 #7 - Ключова дума – ненормативна
9 (RLIN) 198335
Ключова дума ТЕЦ
653 #7 - Ключова дума – ненормативна
9 (RLIN) 186303
Ключова дума енергетика
852 ## - Местоположение
Фондова буква Краезнание
Систематично-азбучна сигнатура К 62/Ч 74
856 4# - Електронен адрес и достъп
Електронен формат pdf - файл
856 4# - Електронен адрес и достъп
Електронен формат pdf - файл
999 ## - СИСТЕМНИ КОНТРОЛНИ НОМЕРА
Koha biblionumber 447302
Koha biblioitemnumber 447302
942 ## - АРТИКУЛИ
Вид на библиотечния материал Книги
Скрит в OPAC Не
Периодичен библиозапис Да
Koha issues (borrowed), all copies 1
944 ## - СЪЗДАВАНЕ И РЕДАКЦИЯ на ЗАПИСА
Създаване/Редакция Създаване
Дата на регистрацията/редакция 2022-03-07
Служител, извършил регистрацията/редакцията 30556
Статус, дата на статуса Теодора Пейчева-Дянкова
Наличности
Код за отписване Код за изгубен артикул Източник на класификационната схема Код за повреда Коз за рестрикции Код за отдаване Артикулен № Име на библиотеката - собственик Име на библиотеката, в която се намира в момента Статус (Текущо местоположение) Дата на вписване в системата Местоположение - отдел Цена в лева Систематично азбучна сигнатура Баркод Цена в евро Служебен тип на артикула
  Не е изгубен Universal Decimal Classification Не е повреден само за читалня ползва се в читалня 874986 Регионална библиотека "Любен Каравелов" Русе Регионална библиотека "Любен Каравелов" Русе Краезнание 2022-03-14 Краезнание 2.00 К 62/Ч 74 120000867956 1.02 Книги
Vip Innovations Ltd, Rousse, Bulgaria 2025